Human rights gender and the environment (Record no. 147974)

MARC details
000 -LEADER
fixed length control field 00533nam a2200217Ia 4500
003 - CONTROL NUMBER IDENTIFIER
control field OSt
005 - DATE AND TIME OF LATEST TRANSACTION
control field 20250825164427.0
008 - FIXED-LENGTH DATA ELEMENTS--GENERAL INFORMATION
fixed length control field 210210b2009 xxu||||| |||| 00| 0 eng d
020 ## - INTERNATIONAL STANDARD BOOK NUMBER
International Standard Book Number 9788131713259
040 ## - CATALOGING SOURCE
Transcribing agency AL
041 ## - LANGUAGE CODE
Language code of text/sound track or separate title eng
082 ## - DEWEY DECIMAL CLASSIFICATION NUMBER
Classification number 361.614 PRIH
100 ## - MAIN ENTRY--PERSONAL NAME
Personal name Manisha Priyam
9 (RLIN) 237151
245 ## - TITLE STATEMENT
Title Human rights gender and the environment
260 ## - PUBLICATION, DISTRIBUTION, ETC.
Place of publication, distribution, etc. Delhi
Name of publisher, distributor, etc. Pearson
Date of publication, distribution, etc. 2009
300 ## - PHYSICAL DESCRIPTION
Extent lxii,290p
690 ## - LOCAL SUBJECT ADDED ENTRY--TOPICAL TERM (OCLC, RLIN)
Topical term or geographic name as entry element Human Rights
9 (RLIN) 237152
700 ## - ADDED ENTRY--PERSONAL NAME
Personal name Menon, Krishna
9 (RLIN) 237153
906 ## - LOCAL DATA ELEMENT F, LDF (RLIN)
a 066533
942 ## - ADDED ENTRY ELEMENTS (KOHA)
Source of classification or shelving scheme Dewey Decimal Classification
Koha item type Book
Holdings
Withdrawn status Lost status Source of classification or shelving scheme Damaged status Not for loan Collection code Home library Current library Date acquired Source of acquisition Cost, normal purchase price Total Checkouts Full call number Barcode Date last seen Date last checked out Price effective from Koha item type
    Dewey Decimal Classification     Human Rights St Aloysius Library St Aloysius Library 02/17/2021 Book World Mangalore-3 225.00 2 361.614 PRIH 066533 12/19/2022 08/22/2022 02/17/2021 Book